LEADER 02378nam2 22003733i 450 001 CAG0783141 005 20170908093257.0 100 $a20061108d1885 ||||0itac50 ba 101 | $agrc$alat 102 $afr 181 1$6z01$ai $bxxxe 182 1$6z01$an 200 1 $a˜35.: Tou œen hagiois patros hemon Gregoriou tou Theologou, archiepiskopou Konstantinoupoleos ta euriskomena panta$ead mss. codices gallicanos,vaticanos, germanicos, anglicos, nec non ad antiquiores editiones castigata,multis aucta et illustrata, accedunt variorum commentarii et scholia in omnia opera sancti Gregorii$etomus secundus$fcura et studio monachorum ordinis S. Benedicti e congregatione S. Mauri$gaccurante et recognoscente J.-P. Migne 210 $aParisiis$capud Garnier fratres editores et J.-P. Migne successores$d1885 215 $a1260 col.$d29 cm 300 $aTrad. latina a fronte 300 $aIn testa al front.: Saeculum 4. 461 1$1001TO00924043$12001 $aPatrologiae cursus completus, ... omnium ss. Patrum, doctorum scriptorumque ecclesiasticorum, sive Latinorum sive Graecorum ...$cSeries Graeca$faccurante J.-P. Migne$v35 510 1 $aSancti patris nostri Gregorii Theologi, vulgo Nazianzeni, archiepiscopi Constantinopolitani, opera quæ exstant omnia.$9TO00919172 700 0$aGregorius : Nazianzenus$c $3CFIV011383$4070$0172537 702 1$aMigne$b, Jacques Paul$3CFIV071403 712 01$aBenedettini$b : Congregazione di San Mauro$3SBLV315845 790 0$aGregorio : Nazianzeno$c $3CFIV014227$zGregorius : Nazianzenus 790 0$aGrégoire : de Nazianze$c $3CFIV080809$zGregorius : Nazianzenus 790 0$aGregorio : di Nazianzo$c $3CFIV164340$zGregorius : Nazianzenus 790 0$aGregorius : Nazanzenus$3CFIV287610$zGregorius : Nazianzenus 790 0$aGregorius : Nazianenus$f $3PALV055078$zGregorius : Nazianzenus 801 3$aIT$bIT-NA0079$c20061108 850 $aIT-BN0064 912 $aCAG0783141 950 2$aBiblioteca Pio XI del Seminario arcivescovile$cv. 1; 3-35$d BPPATROL. B 2$e BP 0000025815 R (35 v. 35$fZ $h20061108$i20061108 977 $a BP 996 $aEn hagiois patros hemon Gregoriou tou Theologou, archiepiskopou Konstantinoupoleos ta euriskomena panta$91484246 997 $aUNISANNIO LEADER 01084nam0-22003251i-450- 001 990000820680403321 005 20091202114900.0 035 $a000082068 035 $aFED01000082068 035 $a(Aleph)000082068FED01 035 $a000082068 100 $a20020821d1983----km-y0itay50------ba 101 0 $aita 105 $ay-------001yy 200 1 $aRuolo e formazione del bibliotecario$eatti del XXIX congresso dell'Associazione italiana biblioteche, Firenze 29 gennaio -1 febbraio 1981 210 $aFirenze$cGiunta regionale toscana$dstampa 1983 215 $a324 p.$d24 cm 225 1 $aAtti. Nuova serie$v10 300 $aIn testa al front.: Regione Toscana-Giunta regionale 610 0 $aBibliotecario$aFormazione professionale 710 02$aAssociazione italiana biblioteche$0104838 801 0$aIT$bUNINA$gRICA$2UNIMARC 901 $aBK 912 $a990000820680403321 952 $aUB-B 048$bIst. s.i.$fILFGE 952 $aBIBL B 317$b11855$fFARBC 959 $aFARBC 959 $aILFGE 996 $aRuolo e formazione del bibliotecario$9347115 997 $aUNINA